| 000 | 00000nam##2200000za#4500 |
| 001 | 9.572361 |
| 003 | CaOODSP |
| 005 | 20210929082754 |
| 007 | cr ||||||||||| |
| 008 | 150406|1997||||xxc|||||o f|0| 0 eng|d |
| 040 | |aCaOODSP|beng |
| 043 | |an-cn--- |
| 086 | 1 |aFo29-47/7-1997E-PDF |
| 110 | 1 |aCanada. |bNatural Resources Canada. |bCanadian Forest Service. |
| 245 | 10|aDecay associated with logging injuries in western larch, Larix occidentalis, and in lodgepole pine, Pinus contorta|h[electronic resource]|c[by] E. Allen and T. White. |
| 260 | |aVictoria - British Columbia : |bNatural Resources Canada. |cOctober, 1997. |
| 300 | |a4p.|bfig., tables, photographs |
| 490 | 1 |aTechnology transfer note|vNo. 7 |
| 500 | |aThe catalogue number (Fo29-47/7-1997E) and ISBN (0-662-26006-6) for the print edition have been incorrectly copied in this electronic publication. |
| 504 | |aBibliography. |
| 590 | |a11-30-Supp|b2011-12-02 |
| 690 | 07|aTrees|2gcpds |
| 720 | 1 |aAllen, E. |
| 720 | 1 |aWhite, T. |
| 775 | 08|tCarie associée aux blessures d'exploitation chez le mélèze de l'Ouest (Larix occidentalis) et le pin tordu latifolié (Pinus contorta)|w(CaOODSP)9.604815 |
| 776 | 0#|tDecay associated with logging injuries in western larch, Larix occidentalis, and in lodgepole pine, Pinus contorta|w(CaOODSP)9.613991 |
| 830 | #0|aTechnology transfer note ;|vNo. 7|w(CaOODSP)9.504768 |
| 856 | 40|ahttp://publications.gc.ca|qPDF|s130 KB|uhttps://publications.gc.ca/collections/Collection/Fo29-47-7-1997E.pdf|yNo. 7 |